| 000 | 00846cam a2200205 4500 | ||
|---|---|---|---|
| 001 | WB3907-16 | ||
| 008 | 030218n2003 000 0 eng u | ||
| 035 | _a(Sirsi) u121364 | ||
| 245 | _aExodus from cities | ||
| 260 | _c2003 | ||
| 490 |
_aPlanning (for the Natural and Built Environment) _v(1510) 14 February 2003, 5(1) |
||
| 520 | _aResearch by the University of the West of England (UWE) shows that migration out of town and cities in England and Wales has increased from 1.52m people in 1991 to 1.89m in 2001. The research calls for improved community services in cities to stem migration to non-metropolitan areas and deliver urban renaissance. UWE at www.uwe.ac.uk | ||
| 590 | _aWB | ||
| 650 | _aMIGRATION | ||
| 650 | _aURBAN RENAISSANCE | ||
| 650 | _aURBAN LIVING | ||
| 650 | _aCITIES | ||
| 690 | _aREGENERATION | ||
| 942 | _n0 | ||
| 999 |
_c72122 _d72122 |
||